[Event "Oberliga Ost-B 1819"]
[Site "Germany"]
[Date "2019.03.23"]
[Round "8.6"]
[White "Kayser, Felix"]
[Black "Meyer Cording, Claus"]
[Result "1/2-1/2"]
[WhiteElo "2154"]
[BlackElo "2067"]
[PlyCount "27"]
[EventDate "2018.10.21"]
[EventType "team-tourn"]
[EventRounds "11"]
[EventCountry "GER"]
[SourceTitle "EXT 2020"]
[Source "ChessBase"]
[SourceDate "2019.10.17"]
[SourceVersion "1"]
[SourceVersionDate "2019.10.17"]
[SourceQuality "1"]
[WhiteTeam "Wiesbaden"]
[BlackTeam "Schoeneck"]
[WhiteTeamCountry "GER"]
[BlackTeamCountry "GER"]

1. e4 e5 2. Nf3 Nc6 3. d4 exd4 4. Bc4 d6 5. Nxd4 Bd7 6. Nc3 Nf6 7. 0-0 Be7 8. Re1 0-0 9. Bf4 Ne8 10. Nd5 Bg5 11. Bg3 Bh4 12. Bf4 Bg5 13. Bg3 Bh4 14. Bf4 1/2-1/2

[Event "BL2-West 1112"]
[Site "Germany"]
[Date "2011.10.02"]
[Round "1.8"]
[White "Huhndorf, Arnold"]
[Black "Meyer Cording, Claus"]
[Result "1-0"]
[WhiteElo "2277"]
[BlackElo "2114"]
[PlyCount "59"]
[EventDate "2011.10.02"]
[EventType "team-tourn"]
[EventRounds "9"]
[EventCountry "GER"]
[SourceTitle "EXT 2015"]
[Source "ChessBase"]
[SourceDate "2014.11.20"]
[SourceVersion "1"]
[SourceVersionDate "2014.11.20"]
[SourceQuality "1"]
[WhiteTeam "Koeln SF"]
[BlackTeam "Schoeneck"]
[WhiteTeamCountry "GER"]
[BlackTeamCountry "GER"]

1. d4 Nf6 2. c4 e5 3. dxe5 Ng4 4. Nf3 Bc5 5. e3 Nc6 6. Be2 Ngxe5 7. Nxe5 Nxe5 8. 0-0 0-0 9. Nc3 Re8 10. b3 Bf8 11. Bb2 d6 12. f4 Nc6 13. e4 Bd7 14. Qd2 Rc8 15. Rad1 Qh4 16. Bd3 Bg4 17. Rde1 Bd7 18. Bb1 Qd8 19. Re3 g6 20. Nd5 Bg7 21. Bxg7 Kxg7 22. f5 Qg5 23. fxg6 f5 24. Qc3+ Ne5 25. exf5 hxg6 26. Rg3 Qd8 27. Rxg6+ Kf7 28. Rf6+ Qxf6 29. Nxf6 Kxf6 30. Be4 1-0

[Event "Schwarzach op 26th"]
[Site "Schwarzach"]
[Date "2011.08.24"]
[Round "5"]
[White "Meyer Cording, Claus"]
[Black "Wersching, Alfred"]
[Result "1/2-1/2"]
[WhiteElo "2114"]
[BlackElo "2049"]
[PlyCount "21"]
[EventDate "2011.08.20"]
[EventType "swiss"]
[EventRounds "9"]
[EventCountry "AUT"]
[SourceTitle "CBM 144 Extra"]
[Source "ChessBase"]
[SourceDate "2011.10.28"]
[SourceVersion "1"]
[SourceVersionDate "2011.10.28"]
[SourceQuality "1"]

1. e4 Nf6 2. d3 Nc6 3. g3 d5 4. Nd2 dxe4 5. dxe4 e5 6. Bg2 Bg4 7. Ne2 Qd7 8. f3 Bh3 9. 0-0 Bc5+ 10. Kh1 Bxg2+ 11. Kxg2 1/2-1/2

[Event "Schwarzach op 25th"]
[Site "Schwarzach"]
[Date "2010.08.25"]
[Round "5"]
[White "Panteleev, Petar"]
[Black "Meyer Cording, Claus"]
[Result "1-0"]
[WhiteElo "2329"]
[BlackElo "2115"]
[PlyCount "79"]
[EventDate "2010.08.21"]
[EventType "swiss"]
[EventRounds "9"]
[EventCountry "AUT"]
[SourceTitle "CBM 138 Extra"]
[Source "ChessBase"]
[SourceDate "2010.10.29"]
[SourceVersion "1"]
[SourceVersionDate "2010.10.29"]
[SourceQuality "1"]

1. d4 Nf6 2. Nf3 Ne4 3. c4 e6 4. Nbd2 Bb4 5. a3 Nxd2 6. Bxd2 Bxd2+ 7. Qxd2 d6 8. g3 Nd7 9. Qc3 0-0 10. Bg2 Re8 11. 0-0 e5 12. dxe5 Nxe5 13. Nd4 Qe7 14. Rfe1 Rb8 15. f4 Ng6 16. e4 f6 17. Nf5 Qf8 18. Ne3 b6 19. Nd5 c6 20. Ne3 Bb7 21. Rad1 Rbd8 22. Nf5 Nh8 23. b4 Nf7 24. Kf2 g6 25. Ne3 Qg7 26. c5 dxc5 27. bxc5 b5 28. Ng4 Rxd1 29. Nxf6+ Kf8 30. Rxd1 Rd8 31. Rxd8+ Nxd8 32. e5 Qf7 33. Qd2 Qe7 34. Ne4 Ne6 35. Qe3 a5 36. Qc3 g5 37. f5 Nc7 38. e6 Kg8 39. Nf6+ Kf8 40. Nd5 1-0

[Event "Schwarzach op-A"]
[Site "Schwarzach"]
[Date "2009.08.22"]
[Round "8"]
[White "Bonnaud, Remy"]
[Black "Meyer Cording, Claus"]
[Result "1-0"]
[WhiteElo "2204"]
[BlackElo "2133"]
[PlyCount "85"]
[EventDate "2009.08.15"]
[EventType "swiss"]
[EventRounds "9"]
[EventCountry "AUT"]
[SourceTitle "CBM 132 Extra"]
[Source "ChessBase"]
[SourceDate "2009.11.03"]
[SourceVersion "1"]
[SourceVersionDate "2009.11.03"]
[SourceQuality "1"]

1. e4 e5 2. Nf3 Nc6 3. Bc4 Bc5 4. d3 Nf6 5. Nc3 a6 6. Bg5 h6 7. Bxf6 Qxf6 8. Nd5 Qd8 9. c3 d6 10. d4 Ba7 11. dxe5 Nxe5 12. Nxe5 dxe5 13. Qh5 0-0 14. Qxe5 c6 15. Ne7+ Kh8 16. Nf5 f6 17. Qf4 Bxf5 18. Qxf5 Qe7 19. 0-0 Rad8 20. Rad1 Rfe8 21. g3 Qe5 22. Qf3 b5 23. Bf7 Rf8 24. Bg6 a5 25. Bf5 Bb6 26. Qg4 Qe7 27. Bd7 b4 28. Bxc6 bxc3 29. bxc3 Rxd1 30. Qxd1 Qc5 31. Bd5 Qxc3 32. Qe2 Qe5 33. Qb5 Rb8 34. Qd3 Qd4 35. Qf3 Qe5 36. Rd1 Rd8 37. Kg2 Rd7 38. Rc1 Bc7 39. Rc6 Re7 40. Qg4 Bd6 41. f4 Qb2+ 42. Kh3 Qb5 43. Qc8+ 1-0

[Event "Schwarzach op-A"]
[Site "Schwarzach"]
[Date "2009.08.20"]
[Round "6"]
[White "Smirnov, Artem"]
[Black "Meyer Cording, Claus"]
[Result "1-0"]
[WhiteElo "2441"]
[BlackElo "2133"]
[PlyCount "37"]
[EventDate "2009.08.15"]
[EventType "swiss"]
[EventRounds "9"]
[EventCountry "AUT"]
[SourceTitle "CBM 132 Extra"]
[Source "ChessBase"]
[SourceDate "2009.11.03"]
[SourceVersion "1"]
[SourceVersionDate "2009.11.03"]
[SourceQuality "1"]

1. d4 Nf6 2. Bg5 e6 3. e4 Be7 4. e5 Nd5 5. Bxe7 Nxe7 6. Nf3 b6 7. Bd3 Bb7 8. Nbd2 d6 9. Qe2 Nd7 10. Ne4 dxe5 11. Nxe5 Nxe5 12. dxe5 0-0 13. 0-0-0 Ng6 14. Nf6+ gxf6 15. Bxg6 hxg6 16. Rxd8 Rfxd8 17. exf6 Rd5 18. Rd1 Rf5 19. f3 1-0

[Event "Hessenliga 0809"]
[Site "Germany"]
[Date "2009.03.08"]
[Round "9.2"]
[White "Reschke, Thomas"]
[Black "Meyer Cording, Claus"]
[Result "1/2-1/2"]
[WhiteElo "2226"]
[BlackElo "2156"]
[PlyCount "107"]
[EventDate "2008.09.14"]
[EventType "team-tourn"]
[EventRounds "9"]
[EventCountry "GER"]
[SourceTitle "EXT 2011"]
[Source "ChessBase"]
[SourceDate "2010.11.26"]
[SourceVersion "1"]
[SourceVersionDate "2010.11.26"]
[SourceQuality "1"]
[WhiteTeam "Frankfurt West"]
[BlackTeam "Schoeneck II"]
[WhiteTeamCountry "GER"]
[BlackTeamCountry "GER"]

1. c4 c5 2. g3 g6 3. Bg2 Bg7 4. Nc3 Nc6 5. e4 d6 6. a3 e6 7. Rb1 a5 8. Nge2 Nge7 9. d3 0-0 10. Be3 f5 11. 0-0 e5 12. Nd5 Nxd5 13. exd5 Nd4 14. Bxd4 cxd4 15. f4 Re8 16. Kh1 a4 17. b4 axb3 18. Rxb3 Qc7 19. Re1 Qc5 20. Rb5 Qxa3 21. Nxd4 Bd7 22. Rb3 Qc5 23. Ne6 Bxe6 24. dxe6 exf4 25. Rxb7 Qd4 26. Rxg7+ Kxg7 27. Bxa8 Rxa8 28. Qb1 fxg3 29. hxg3 Qf2 30. Qb7+ Kh6 31. Rg1 Ra2 32. Qg2 Qxg2+ 33. Rxg2 Ra1+ 34. Rg1 Ra8 35. d4 Kg7 36. Rb1 Ra7 37. Rb6 Rc7 38. Rxd6 Rxc4 39. Rd7+ Kf8 40. d5 Re4 41. Rxh7 Ke8 42. Rh6 Re5 43. Rh8+ Ke7 44. Rh7+ Ke8 45. Rd7 g5 46. Kg2 g4 47. Kf2 Re4 48. Ra7 Re5 49. Ra5 Re4 50. Ra8+ Ke7 51. Ra5 Ke8 52. Ra2 Re5 53. Rd2 Kd8 54. Rd4 1/2-1/2

[Event "Oberliga Ost-B 0708"]
[Site "Germany"]
[Date "2007.11.25"]
[Round "4.5"]
[White "Meyer Cording, Claus"]
[Black "Klings, Peter"]
[Result "1-0"]
[WhiteElo "2057"]
[BlackElo "2164"]
[PlyCount "77"]
[EventDate "2007.10.07"]
[EventType "team-tourn"]
[EventRounds "11"]
[EventCountry "GER"]
[SourceTitle "EXT 2009"]
[Source "ChessBase"]
[SourceDate "2008.11.26"]
[SourceVersion "1"]
[SourceVersionDate "2008.11.26"]
[SourceQuality "1"]
[WhiteTeam "Schoeneck II"]
[BlackTeam "Moerlenbach"]
[WhiteTeamCountry "GER"]
[BlackTeamCountry "GER"]

1. e4 c5 2. c4 g6 3. Nc3 Bg7 4. g3 Nc6 5. Bg2 d6 6. Nge2 a6 7. d3 Rb8 8. a4 Nf6 9. Rb1 0-0 10. 0-0 Bd7 11. h3 Ne8 12. Be3 Nc7 13. d4 Na5 14. dxc5 Nxc4 15. cxd6 Nxd6 16. Bd4 b5 17. Bxg7 Kxg7 18. b4 Nc4 19. a5 Qc8 20. h4 Rd8 21. Qc1 Bg4 22. Rd1 Qe6 23. Rxd8 Rxd8 24. f3 Bxf3 25. Bxf3 Nd2 26. Bg2 Nxb1 27. Qxb1 Qd6 28. Nd5 Nxd5 29. exd5 Rc8 30. Qb2+ Kg8 31. Nd4 Qxg3 32. Nc6 Qe1+ 33. Bf1 Qxh4 34. Qe5 Qg4+ 35. Bg2 Re8 36. Nxe7+ Rxe7 37. Qxe7 Qd1+ 38. Kh2 Qh5+ 39. Kg3 1-0

[Event "Oberliga Ost-B 0708"]
[Site "Germany"]
[Date "2007.11.03"]
[Round "2.6"]
[White "Meyer Cording, Claus"]
[Black "Wendling, Hannes"]
[Result "1-0"]
[WhiteElo "2057"]
[BlackElo "2137"]
[PlyCount "123"]
[EventDate "2007.10.07"]
[EventType "team-tourn"]
[EventRounds "11"]
[EventCountry "GER"]
[SourceTitle "EXT 2009"]
[Source "ChessBase"]
[SourceDate "2008.11.26"]
[SourceVersion "1"]
[SourceVersionDate "2008.11.26"]
[SourceQuality "1"]
[WhiteTeam "Schoeneck II"]
[BlackTeam "Erfurt Empor"]
[WhiteTeamCountry "GER"]
[BlackTeamCountry "GER"]

1. e4 c5 2. c4 Nc6 3. Nc3 e5 4. g3 d6 5. d3 g6 6. Bg2 Bg7 7. Nge2 Nge7 8. 0-0 0-0 9. Be3 Rb8 10. Qd2 a6 11. a4 Nd4 12. Rab1 Bh3 13. f4 Bxg2 14. Kxg2 f5 15. fxe5 dxe5 16. Bg5 Qd7 17. Bxe7 Qxe7 18. Nd5 Qd7 19. Nxd4 cxd4 20. exf5 gxf5 21. a5 Rbe8 22. b4 e4 23. Rbe1 Qc6 24. Qc2 Re5 25. Re2 Rfe8 26. Rfe1 e3 27. Rf1 Rf8 28. Kg1 Re6 29. Rg2 Be5 30. Qe2 Qd7 31. Qh5 Qf7 32. Qxf7+ Rxf7 33. Rf3 Bd6 34. Kf1 Rf8 35. Ke2 Kg7 36. g4 f4 37. h4 Rf7 38. Rh3 Re8 39. Kf3 Rg8 40. Rhh2 Kf8 41. Rb2 Be5 42. Rh1 Rg6 43. Ra1 Rfg7 44. Rg2 Ke8 45. h5 Re6 46. g5 Bd6 47. Rag1 Re5 48. h6 Rg6 49. Nf6+ Kf7 50. c5 Be7 51. Nxh7 Kg8 52. Kxf4 Ree6 53. Nf6+ Bxf6 54. gxf6 Rxg2 55. Rxg2+ Kh7 56. f7 Rf6+ 57. Ke5 Rxf7 58. Kxd4 Rf4+ 59. Kxe3 Rxb4 60. Rh2 Rb5 61. d4 Rxa5 62. Rb2 1-0

[Event "Hessenliga 0607"]
[Site "Germany"]
[Date "2007.02.11"]
[Round "7.7"]
[White "Meyer Cording, Claus"]
[Black "Kuhn, Clemens"]
[Result "1-0"]
[WhiteElo "2057"]
[BlackElo "2043"]
[PlyCount "119"]
[EventDate "2006.09.17"]
[EventType "team"]
[EventRounds "9"]
[EventCountry "GER"]
[SourceTitle "EXT 2008"]
[Source "ChessBase"]
[SourceDate "2007.11.25"]
[SourceVersion "1"]
[SourceVersionDate "2007.11.25"]
[SourceQuality "1"]
[WhiteTeam "Schoeneck II"]
[BlackTeam "Giessen II"]
[WhiteTeamCountry "GER"]
[BlackTeamCountry "GER"]

1. e4 c6 2. d4 d5 3. Nc3 Nf6 4. exd5 cxd5 5. Bd3 Nc6 6. Nf3 Bg4 7. Be3 e6 8. h3 Bh5 9. a3 Be7 10. Be2 Rc8 11. 0-0 0-0 12. Ne5 Bxe2 13. Nxe2 Qc7 14. Nxc6 Qxc6 15. c3 b5 16. Nc1 a5 17. Nd3 Qb6 18. Qb3 Ne4 19. a4 b4 20. cxb4 Bxb4 21. Nxb4 Rb8 22. Rfc1 Qxb4 23. Qxb4 Rxb4 24. f3 Ng3 25. Rc5 Ra8 26. Bd2 Rxb2 27. Bxa5 Ne2+ 28. Kf1 Nxd4 29. Bc3 Nb3 30. Rb5 Nd2+ 31. Ke2 Rxb5 32. axb5 Rxa1 33. Bxa1 Nb3 34. b6 Na5 35. Kd3 Kf8 36. Kc3 f6 37. Kb4 Nc6+ 38. Kc5 Nb8 39. Kd6 Kf7 40. f4 g5 41. g3 h5 42. fxg5 fxg5 43. g4 hxg4 44. hxg4 Na6 45. b7 Nb8 46. Bd4 Na6 47. Ba7 Kf6 48. b8Q Nxb8 49. Bxb8 d4 50. Ba7 d3 51. Be3 Kf7 52. Bxg5 Kg6 53. Be3 Kf6 54. Bd2 Kf7 55. g5 Kg6 56. Kxe6 Kh5 57. Kf7 Kg4 58. g6 Kf3 59. g7 Ke2 60. Ba5 1-0